| 000 | 00873nam a22002177a 4500 | ||
|---|---|---|---|
| 005 | 20250416142634.0 | ||
| 008 | 250416b |||||||| |||| 00| 0 eng d | ||
| 020 | _a978-81-965933-6-0 (hbk) | ||
| 040 |
_aCRL _cCRL |
||
| 041 |
_2CRL _aCRL |
||
| 084 |
_aQ13:21 152R4.1 _qCRL |
||
| 245 |
_aसामवेद का सुबोध भाष्य: _bप्रथम एंव द्वितीय भाग |
||
| 260 |
_aगुजरात, भारत: _bस्वाध्याय मण्डल, _c2024. |
||
| 300 | _a502पृ0 | ||
| 365 |
_b2500.00 _cINR |
||
| 650 | _2धर्म | ||
| 650 | _2हिन्दू धर्म | ||
| 700 |
_aसातवलेकर, दामोदर (Tr.) _9752331 |
||
| 942 |
_2CC _cREF _hQ13:21 152R4.1-2 _n0 |
||
| 999 |
_c1309058 _d1309058 |
||